| 000 | 00681cab a2200205 4500 | ||
|---|---|---|---|
| 001 | ABS40679 | ||
| 008 | 090401t1989 xxu||||| |||| 00| 0 eng d | ||
| 035 | _a(Sirsi) u25435 | ||
| 041 | _aeng | ||
| 100 | _aLowe, S. | ||
| 245 | _aLiving above the shop | ||
| 260 | _c1989 | ||
| 350 | _a0 | ||
| 490 |
_aHousing Review _v38(2) March-April 1989, 40-44(5) |
||
| 520 | _aReports on the underuse of the upper floors of retail property in urban areas for residential accommodation, using York , Ipswich and Cambridge as examples and suggests ways of bringing them into use. | ||
| 690 | _aPROPERTY LAW AND PRACTICE | ||
| 700 | _aPetherick, A. | ||
| 942 | _n0 | ||
| 948 | _c04/03/1997 | ||
| 999 |
_c17080 _d17080 |
||